000 00849nas a2200277 4500
001 BR2017003218
003 BR-BrBNA
005 20231205131146.0
007 ta
008 230509b bl.|||p| |||| 00| 00por d
040 _aBR-BrBNA
_bpor
_cBiblioteca Nacional de Agricultura
041 _a(En)
072 _aH20
100 1 _aHaddad, P.E.
100 1 _aLeite, L.G.
100 1 _aLucon, C.M.M.
100 1 _aHarakava, R.
245 1 _aSelection of Trichoderma spp. strains for the control of Sclerotinia sclerotiorum in soybean
650 _aSOJA
650 _aMOFO BRANCO
650 _aDOENÇA FÚNGICA
650 _aCONTROLE BIOLÓGICO
773 0 _tPesquisa Agropecuária Brasileira (Brazil)
_xISSN 0100-204X
_g(Dec 2017), v. 52(12) p. 1140-1148
_wBR2017003218
909 _a202311
_bLúcia
_c55
_dLúcia Elande
942 _2AGRIS
_n0
_cANA
999 _c253313
_d253313